000 00241nam a2200097Ia 4500
001 711368
005 20250826162807.0
008 250824s9999 xx 000 0 und d
245 0 _aARŞİMET ZEKAİ OKULDA
_cDURAN ÇETİN
260 _bATLIKARINCA
999 _c711368
_d711368